000 00287 a2200145 4500
001 173413
020 _a
040 _cMagnum
100 _aMálus
240 1 0 _aRisoleta, a borboleta
_lpor
245 1 0 _aRisoleta, a borboleta
362 0 _a1899
697 _aI/ANIMAIS
942 _cBK
999 _c173413
_d173413